Sports Quiz

Random Sports or NBA Quiz

NBA 25 PPG After 10 Seasons Quiz Stats

 Plays Quiz Updated Jun 1, 2018

Challenge
Share
Tweet
Embed
Score 0/60 Timer 05:00
15 Plays Today
Season, # of Seasons Player % Correct
2005-06, 10thKobe Bryant
99.2%
2006-07, 11thKobe Bryant
99.2%
2007-08, 12thKobe Bryant
99.2%
2009-10, 14thKobe Bryant
99.2%
2008-09, 13thKobe Bryant
99.2%
2016-17, 14thLeBron James
99.1%
2017-18, 15thLeBron James
99.1%
2010-11, 16thKobe Bryant
98.8%
2012-13, 17thKobe Bryant
98.8%
2011-12, 16thKobe Bryant
98.8%
1995-96, 11thMichael Jordan
98.2%
1996-97, 12thMichael Jordan
98.2%
1997-98, 13thMichael Jordan
98.2%
2016-17, 14thLeBron James
97.8%
2014-15, 12thLeBron James
97.1%
2015-16, 13thLeBron James
97.1%
2013-14, 11thLeBron James
95.7%
2012-13, 10thLeBron James
95.7%
1996-97, 12thKarl Malone
93.4%
1997-98, 13thKarl Malone
93.4%
1994-95, 10thKarl Malone
93.4%
1995-96, 11thKarl Malone
93.4%
1999-00, 15thKarl Malone
93.4%
2017-18, 11thKevin Durant
93.1%
2002-03, 11thShaquille O'Neal
90.1%
2001-02, 10thShaquille O'Neal
90.1%
2005-06, 10thAllen Iverson
89.5%
2007-08, 12thAllen Iverson
89.5%
2006-07, 11thAllen Iverson
89.5%
2017-18, 10thRussell Westbrook
88.5%
Season, # of Seasons Player % Correct
2016-17, 10thKevin Durant
88.4%
2012-13, 10thCarmelo Anthony
86.4%
2012-13, 11thCarmelo Anthony
86.4%
2008-09, 11thDirk Nowitzki
83.7%
2009-10, 12thDirk Nowitzki
83.7%
2006-07, 11thRay Allen
81.8%
2005-06, 10thRay Allen
81.8%
1994-95, 11thHakeem Olajuwon
79.2%
1993-94, 10thHakeem Olajuwon
79.2%
1995-96, 12thHakeem Olajuwon
79.2%
1980-81, 12thKareem Abdul-Jabbar
78.6%
1969-70, 10thJerry West
73.4%
1970-71, 11thJerry West
73.4%
1971-72, 12thJerry West
73.4%
1992-93, 11thDominique Wilkins
69.2%
1993-94, 12thDominique Wilkins
69.2%
1981-82, 10th*George Gervin
58.1%
1982-83, 11th*George Gervin
58.1%
1983-84, 12th*George Gervin
58.1%
1969-70, 10thOscar Robertson
56.1%
1985-86, 10thAlex English
51%
1986-87, 11thAlex English
51%
1988-89, 13thAlex English
51%
1987-88, 12thAlex English
51%
1971-72, 10thJohn Havlicek
46.9%
1967-68, 10thElgin Baylor
46.6%
1963-64, 10thBob Pettit
33.6%
1990-91, 13thBernard King
30.8%
1985-86, 10thAdrian Dantley
28%
1990-91, 10thOrlando Woolridge
5%

You're not logged in!

Compare scores with friends on all Sporcle quizzes.
Join for Free
OR
Log In

You Might Also Like...

Show Comments

Extras

Top Quizzes Today


Score Distribution

Your Account Isn't Verified!

In order to create a playlist on Sporcle, you need to verify the email address you used during registration. Go to your Sporcle Settings to finish the process.

Report this User

Report this user for behavior that violates our Community Guidelines.

Details: